Webster's compact dictionary. (Record no. 61203)
[ view plain ]
| 000 -LEADER | |
|---|---|
| fixed length control field | 00793pam a2200241 a 4500 |
| 001 - CONTROL NUMBER | |
| control field | 3368162 |
| 003 - CONTROL NUMBER IDENTIFIER | |
| control field | NUST-PNEC |
| 005 - DATE AND TIME OF LATEST TRANSACTION | |
| control field | 20170116180717.0 |
| 008 - FIXED-LENGTH DATA ELEMENTS--GENERAL INFORMATION | |
| fixed length control field | 870723s1987 mau d 000 0 eng |
| 010 ## - LIBRARY OF CONGRESS CONTROL NUMBER | |
| LC control number | 87021956 |
| 020 ## - INTERNATIONAL STANDARD BOOK NUMBER | |
| International Standard Book Number | 087779488X |
| 040 ## - CATALOGING SOURCE | |
| Transcribing agency | PNEC |
| 050 00 - LIBRARY OF CONGRESS CALL NUMBER | |
| Classification number | PE1628 |
| Item number | .W5524 1987 |
| 082 00 - DEWEY DECIMAL CLASSIFICATION NUMBER | |
| Classification number | 423 WEB |
| 100 ## - MAIN ENTRY--PERSONAL NAME | |
| 9 (RLIN) | 724 |
| Personal name | Webster |
| 245 00 - TITLE STATEMENT | |
| Title | Webster's compact dictionary. |
| Statement of responsibility, etc. | Webster |
| 260 ## - PUBLICATION, DISTRIBUTION, ETC. | |
| Place of publication, distribution, etc. | Springfield, Mass. : |
| Name of publisher, distributor, etc. | Merriam-Webster, |
| Date of publication, distribution, etc. | c1987. |
| 300 ## - PHYSICAL DESCRIPTION | |
| Extent | vii, 424 p. ; |
| Dimensions | 15 cm. |
| 500 ## - GENERAL NOTE | |
| General note | http://www.amazon.com/Websters-Compact-Dictionary-Merriam-Webster/dp/087779488X/ref=sr_1_1?s=books&ie=UTF8&qid=1413879884&sr=1-1&keywords=087779488x |
| 650 #0 - SUBJECT ADDED ENTRY--TOPICAL TERM | |
| Topical term or geographic name entry element | English language |
| General subdivision | Dictionaries. |
| 906 ## - LOCAL DATA ELEMENT F, LDF (RLIN) | |
| a | 7 |
| b | cbc |
| c | orignew |
| d | 1 |
| e | ocip |
| f | 19 |
| g | y-gencatlg |
| 942 ## - ADDED ENTRY ELEMENTS (KOHA) | |
| Source of classification or shelving scheme | |
| Koha item type | Book |
| Withdrawn status | Lost status | Source of classification or shelving scheme | Damaged status | Not for loan | Permanent Location | Current Location | Shelving location | Date acquired | Source of acquisition | Cost, normal purchase price | Total Checkouts | Full call number | Barcode | Date last seen | Cost, replacement price | Price effective from | Koha item type |
|---|---|---|---|---|---|---|---|---|---|---|---|---|---|---|---|---|---|
| Pakistan Navy Engineering College (PNEC) | Pakistan Navy Engineering College (PNEC) | Reference | 11/24/1991 | Paramount Publishing Enterprise | 157.00 | 423 WEB | PNECLIB-015901 | 10/21/2014 | 157.00 | 11/24/1991 | Book |
